000
00233nam a22001097a 4500
082
_a
CAT
100
_a
Cathy Jimmie
245
_a
Basic electrical engineering
260
_a
New York
_b
McGraw Hill
_c
1987
300
_a
298
942
_c
BK
999
_c
14628
_d
14628